Haz clic en los países que bordean el Mediterráneo en un mapa - Estadísticas

Estadísticas generales
  • Esta prueba ha sido intentada 92 veces
  • La puntuación promedio es 20 de 21
Respuestas en el mapa
Las respuestas están codificadas por una escala verde-roja en el mapa de la prueba según el % correcto abajo.
 
Estadísticas de respuestas
Respuesta % Correcto
Marruecos
97%
Egipto
96%
Grecia
96%
Albania
95%
Argelia
95%
España
95%
Francia
95%
Italia
95%
Turquía
95%
Chipre
93%
Croacia
93%
Malta
93%
Mónaco
93%
Túnez
93%
Siria
92%
Bosnia y Herzegovina
91%
Eslovenia
91%
Libia
91%
Israel
89%
Montenegro
89%
Líbano
88%
No se encontraron pruebas coincidentes
Distribución de puntuación
Porcentaje de gente con cada puntuación
Porcentaje por número respondido
Historial de tus puntuaciones
No has intentado esta prueba.